书目信息 |
| 题名: |
针灸自学指南
|
|
| 作者: | 甘承铨 | |
| 分册: | ||
| 出版信息: | 安徽科学技术出版社 1992.02 |
|
| 页数: | 290页 | |
| 开本: | 32开 | |
| 丛书名: | ||
| 单 册: | ||
| 中图分类: | R245-62 | |
| 科图分类: | ||
| 主题词: | 中医学:临床医学 | |
| 电子资源: | ||
| ISBN: | 7-7533-7069-3 | |
| 000 | 00523nam0 2200181 45 | |
| 001 | 9911301546 | |
| 005 | 19991130153211.4 | |
| 010 | @a7-7533-7069-3@d4.55 | |
| 100 | @a19991130d1992 km y0chiy0120 ea | |
| 101 | @achi | |
| 105 | @a z 000yy | |
| 200 | 1 | @a针灸自学指南@AZhen Jiu Zi Xue Zhi Nan@f甘承铨@FGan Cheng Quan |
| 210 | @c安徽科学技术出版社@d1992.02 | |
| 215 | @a290页@c无图表@d32开 | |
| 606 | 0 | @a中医学:临床医学 |
| 690 | @aR245-62@v3 | |
| 801 | @aCN@bPerfectUser@c19991130 | |
| 905 | @aBZT@b42168-169@f2@dR245-62@e2 | |
| 针灸自学指南/甘承铨.-安徽科学技术出版社,1992.02 |
| 290页:无图表;32开 |
| ISBN 7-7533-7069-3:4.55 |
| ● |
| 相关链接 |
|
|
|
正题名:针灸自学指南
索取号:R245-62/2
 
预约/预借
| 序号 | 登录号 | 条形码 | 馆藏地/架位号 | 状态 | 备注 |
| 1 | 42168 | 200375165 | 中心书库中库/ 中库003架A面5列6层38/ [索取号:R245-62/2] | 在馆 | |
| 2 | 42169 | 200559760 | 中心书库中库/ 中库003架A面7列2层36/ [索取号:R245-62/2] | 在馆 |